Statistics for Страны по Спутниковому Снимку #1

Click here to take the quiz!

General Stats

  • This quiz has been taken 502 times
  • The average score is 10 of 16

Answer Stats

Answer% Correct
Италия
99%
Австралия
97%
Китай
93%
Великобритания
89%
Исландия
88%
Франция
78%
Португалия
70%
Бразилия
64%
Панама
64%
Малайзия
37%
Тунис
36%
Фиджи
33%
Багамские Острова
33%
Объединённые Арабские Эмираты
32%
Танзания
20%
Кабо-Верде
16%

Score Distribution

Percentile by Number Answered

Percent of People with Each Score

Your Score History

You have not taken this quiz